000 00218nam a22000977a 4500
082 _a297 STU'
245 _aSTUDIES ON COMMON WEALTH OF MUSLIM COUNTRIES
260 _aKARACHI
_bUMMA
_c1961
300 _a96P
942 _cBK
999 _c581822
_d581822